Հայոց ԺԸ-ԻԱ դարերի ռուսաթելադիր պատմութեան սրբագրումներ / (Record no. 523503)
[ view plain ]
| 000 -LEADER | |
|---|---|
| fixed length control field | 01393nam a2200277 a 4500 |
| 001 - CONTROL NUMBER | |
| control field | 1814655 |
| 003 - CONTROL NUMBER IDENTIFIER | |
| control field | AM-YEHGA |
| 005 - DATE AND TIME OF LATEST TRANSACTION | |
| control field | 20250618080041.0 |
| 008 - FIXED-LENGTH DATA ELEMENTS--GENERAL INFORMATION | |
| fixed length control field | 220124s2021 ai ||||gr|||||000|||arm|| |
| 020 ## - INTERNATIONAL STANDARD BOOK NUMBER | |
| International Standard Book Number | 9789939038667 |
| 040 ## - CATALOGING SOURCE | |
| Original cataloging agency | AM-YeHGA |
| 041 1# - LANGUAGE CODE | |
| Language code of text/sound track or separate title | arm |
| Language code of summary or abstract | |
| 090 ## - LOCALLY ASSIGNED LC-TYPE CALL NUMBER (OCLC); LOCAL CALL NUMBER (RLIN) | |
| -- | 529818 |
| 100 1# - MAIN ENTRY--PERSONAL NAME | |
| Personal name | Համբարձումեան, Ռաֆայէլ |
| 9 (RLIN) | 4055 |
| 245 10 - TITLE STATEMENT | |
| Title | Հայոց ԺԸ-ԻԱ դարերի ռուսաթելադիր պատմութեան սրբագրումներ / |
| Statement of responsibility, etc. | Ռ. Համբարձումեան ; Խմբագիր՝ Ա. Պետրոսեան ; Հրատարակիչ՝ Մամիկոնէից-տարօնականների ուխտ հանրային մարմին. |
| 260 ## - PUBLICATION, DISTRIBUTION, ETC. | |
| Place of publication, distribution, etc. | Երեւան ։ |
| Name of publisher, distributor, etc. | Առանց հրատարակչության, |
| Date of publication, distribution, etc. | 2021. |
| 300 ## - PHYSICAL DESCRIPTION | |
| Extent | 217 էջ ; |
| Dimensions | 20 սմ. |
| 500 ## - GENERAL NOTE | |
| General note | Գրքի թվային տարբերակը ՀԱԳ-ին է տրամադրել իրավատերը։ |
| 546 ## - LANGUAGE NOTE | |
| Language note | Ամփոփումը՝ անգլերեն լեզվով։ |
| 650 14 - SUBJECT ADDED ENTRY--TOPICAL TERM | |
| Topical term or geographic name entry element | Հայ-ռուսական հարաբերություններ |
| Chronological subdivision | 18-21 դդ. |
| 650 14 - SUBJECT ADDED ENTRY--TOPICAL TERM | |
| Topical term or geographic name entry element | Հայոց պատմություն |
| 700 1# - ADDED ENTRY--PERSONAL NAME | |
| Personal name | Պետրոսեան, Աշոտ |
| Relator term | խմբագիր |
| Relationship | edt |
| 710 2# - ADDED ENTRY--CORPORATE NAME | |
| Corporate name or jurisdiction name as entry element | Մամիկոնէից-տարօնականների ուխտ հանրային մարմին |
| 856 41 - ELECTRONIC LOCATION AND ACCESS | |
| Uniform Resource Identifier | <a href="http://haygirk.nla.am/upload/1941-/hayoc j@ ia dar rus_2021.pdf">http://haygirk.nla.am/upload/1941-/hayoc j@ ia dar rus_2021.pdf</a> |
| Link text | Կարդալ առցանց |
| 942 ## - ADDED ENTRY ELEMENTS (KOHA) | |
| Source of classification or shelving scheme | Other/Generic Classification Scheme |
| Koha item type | Գրքեր / Books |
| Withdrawn status | Lost status | Source of classification or shelving scheme | Damaged status | Not for loan | Collection | Home library | Current library | Date acquired | Total checkouts | Full call number | Barcode | Date last seen | Price effective from | Koha item type | Public note |
|---|---|---|---|---|---|---|---|---|---|---|---|---|---|---|---|
| Universal Decimal Classification | General | Fundamental Scientific Library | Fundamental Scientific Library | 02/02/2022 | AII/108333 | FL0669238 | 02/02/2022 | 02/02/2022 | Գրքեր / Books | 30 Days Loan | |||||
| Universal Decimal Classification | General | Fundamental Scientific Library | Fundamental Scientific Library | 16/11/2022 | AII/108950 | FL0677578 | 16/11/2022 | 16/11/2022 | Գրքեր / Books | 30 Days Loan |
ՀՀ Գիտությունների ազգային ակադեմիայի հիմնարար գիտական գրադարան = Fundamental Scientific Library of NAS RA
All site content, except where otherwise noted, is licensed under a